Belle-Île-en-Mer : culture générale - Statistiques

Statistiques générales
  • Ce quiz a été pris 107 fois
  • Le résultat moyen est 8 sur 16
Statistiques - réponses
Questions Réponses % Correct
Région à laquelle appartient Belle-Île La Bretagne
99%
Belle-Île est la troisième île de France métropolitaine par sa superficie et sa population après ... La Corse
89%
Plus grande ville de Belle-Île Le Palais
85%
Architecte militaire et Maréchal de Louis XIV qui construisit la Citadelle de Belle-Île. Sébastien Le Prestre de Vauban
84%
Port sur la terre ferme qui assure toute l'année une liaison par bateau vers Belle-Île. Quiberon
79%
Chanteur qui chanta Belle-Île-en-Mer en 1985. Laurent Voulzy
68%
Belle-Île est la troisième île de France métropolitaine par sa superficie et sa population après ... L'île d'Oléron
66%
Acteur et humoriste belge qui monta une caméra cachée en se faisant passer pour le conservateur du musée de Belle-Île. François Damiens
61%
Peuple français d'Amérique, chassé de leur fertile terre ancestrale par les Anglais au prix de déportations systématiques vers leurs propres colonies entre 1755 et 1763, peuple dont 78 familles (env. 300 personnes) se réinstallèrent à Belle-Île à partir de 1765. Les Acadiens
45%
Pour 30% des 78 familles (question précédente), la réinstallation était impossible en métropole et vers 1785, ils repartirent vers cette colonie jadis française devenue, à ce moment, espagnole, colonie qui est aujourd'hui un État des États-Unis d'Amérique. La Louisiane
38%
Golfe dans lequel l'île se situe Le Golfe de Gascogne
34%
Surintendant des Finances à qui le précédent vendit le marquisat et la forteresse de Belle-Île-en-Mer Nicolas Fouquet
24%
Crustacé dont la quasi-totalité de la production française depuis les années 1970 vient des gisements de Belle-Île-en-Mer. Le pouce-pied
23%
Cardinal connu pour ses Mémoires, chef de la Fronde et adversaire de Mazarin et de Louis XIV, qui se refugia à Belle-Île après son évasion du Château de Nantes. Le Cardinal de Retz
18%
Auteur préromantique qui rapporta ce dicton de marins : « Celui qui voit Belle-Isle, voit son île ; Celui qui voit Ouessant, voit son sang » François-René de Chateaubriand
16%
Ordre monastique qui reconstruisit l'île après qu'elle fut dévastée par les Vikings au IXe siècle. Les Bénédictins
15%
Aucun quiz correspondant
Distribution des résultats
% des personnes avec chaque résultat
Percentile par nombre de réponses
Votre historique - résultats
Vous n’avez pas pris ce quiz